000
00231nam a22000857a 4500
008
160630b xxu||||| |||| 00| 0 eng d
100
_9
1640
_a
Gupta, R.G
245
_a
Primary School Composite Mathematics
260
_a
New Delhi
_b
Arya
_c
2005
999
_c
1361
_d
1361